Online
Catalog

Rivers of Canada / (Record no. 1084)

MARC details
000 -CABECERA
campo de control de longitud fija 00715cam a2200229 a 4500
001 - NÚMERO DE CONTROL
campo de control 000001129
005 - FECHA Y HORA DE LA ÚLTIMA TRANSACCIÓN
campo de control 20200929145501.0
008 - DATOS DE LONGITUD FIJA--INFORMACIÓN GENERAL
campo de control de longitud fija 751006s1974 oncab b 001 0 eng
020 ## - NÚMERO INTERNACIONAL ESTÁNDAR DEL LIBRO
Número Internacional Estándar del Libro 0770511724
040 ## - FUENTE DE LA CATALOGACIÓN
Centro catalogador/agencia de origen DO-SdBNP
Centro/agencia transcriptor DLC
Centro/agencia modificador BNPHU
082 ## - NÚMERO DE LA CLASIFICACIÓN DECIMAL DEWEY
Número de clasificación 917.1
Número de documento/Ítem M164r
100 1# - ENTRADA PRINCIPAL--NOMBRE DE PERSONA
Nombre de persona MacLennan, Hugh,
Fechas asociadas al nombre 1907-1990.
9 (RLIN) 3863
240 10 - TÍTULO UNIFORME
Título uniforme Seven rivers of Canada
245 10 - MENCIÓN DE TÍTULO
Título Rivers of Canada /
Mención de responsabilidad, etc. Hugh MacLennan ; with the camera of John De Visser.
260 ## - PUBLICACIÓN, DISTRIBUCIÓN, ETC.
Lugar de publicación, distribución, etc. Toronto :
Nombre del editor, distribuidor, etc. Macmillan of Canada,
Fecha de publicación, distribución, etc. 1974.
300 ## - DESCRIPCIÓN FÍSICA
Extensión 270 p. :
Otras características físicas il., maps ;
Dimensiones 31 cm.
500 ## - NOTA GENERAL
Nota general Incluye índice.
650 #4 - PUNTO DE ACCESO ADICIONAL DE MATERIA--TÉRMINO DE MATERIA
Término de materia o nombre geográfico como elemento de entrada Ríos
Subdivisión geográfica Canadá
9 (RLIN) 3864
651 #4 - PUNTO DE ACCESO ADICIONAL DE MATERIA--NOMBRE GEOGRÁFICO
Nombre geográfico Canadá
Subdivisión general Descripción Y Viaje
9 (RLIN) 3865
910 ## - DATOS DE OPCIÓN DEL USUARIO (OCLC)
Datos de opción del usuario Catalogación por copia / LC
910 ## - DATOS DE OPCIÓN DEL USUARIO (OCLC)
Datos de opción del usuario WM
Holdings
Estado de retiro Estado de pérdida Restricciones de uso No para préstamo Código de colección Localización permanente Ubicación/localización actual Ubicación en estantería Fecha de adquisición Número de inventario Total de préstamos Signatura topográfica completa Código de barras Fecha visto por última vez Precio válido a partir de Tipo de ítem Koha
    Préstamo interno Préstamo en sala Dominicana de Servicio Biblioteca Nacional Pedro Henríquez Ureña Biblioteca Nacional Pedro Henríquez Ureña Depósito 22.09.2009 LF1   917.1 M164r 1129-10 25.06.2020 25.06.2020 Libros y folletos

Powered by Koha